| 000 | 00000nam##2200000za#4500 |
| 001 | 9.537494 |
| 003 | CaOODSP |
| 005 | 20210305151644 |
| 007 | ta |
| 008 | 150406|2002||||xxc||||| f|0| 0 eng|d |
| 040 | |aCaOODSP|beng |
| 041 | |aeng |
| 041 | |afre |
| 043 | |an-cn--- |
| 086 | 1 |aXB372-464/1 |
| 110 | 1 |aCanada. |bParliament. |bHouse of Commons. |
| 245 | 13|aAn Act to amend the Criminal Code (blood alcohol content)|cMr. Cadman. |
| 260 | |aOttawa - Ontario : |bHouse of Commons |cFirst reading, November 8, 2002. |
| 300 | |a2p. ; |c28 cm. |
| 490 | 1 |aHouse of Commons of Canada bill|vC-464 |
| 563 | |aSoftcover |
| 590 | |a02-49|b2002-12-06 |
| 792 | |tLoi modifiant le Code criminel (taux d'alcoolémie)|efre|w(CaOODSP)9.537495 |
| 830 | #0|aHouse of Commons of Canada bill ;|vC-464|w(CaOODSP)9.510764 |